000 00637nam a2200241 i 4500
001 C2-0282684
003 PPAK
005 20180728012959.0
008 071018s1998 nyua|||| ||||| | eng d
020 _a1588162583
040 _aPPAK
_beng
_cPPAK
_erda
082 0 4 _a668.12
_223
090 0 0 _a668.12
_bHUL
_dR
100 1 _aHulbert, Mike,
_eauthor
245 1 0 _aCrafting soap at home
264 1 _aNew York :
_bHearst Books ,
_c1998
300 _a111 pages :
_bcolour illustrations ;
_c24 cm
336 _2rdacontent
_atext
337 _2rdamedia
_aunmediated
338 _2rdacarrier
_avolume
650 1 0 _aSoap
942 _ddc
_cB
999 _c88904
_d88904